00746 2200277 4500001002100000005001500021008000500036020001800041035002400059040001200083082001600095084001800111100001800129245010700147250001000254260002900264300003400293505001100327650002500338700002500363700002000388850001200408990001600420990001600436990001600452YOGYA00000000009987420140823124708 ind a979-763-140-0 0010-101300000000770 aYOPDYOG 2[22]a658.1 aQ 658.1 Lut P aLUTHANS, Fred aPerilaku organisasi/cFred Luthans;penerjemah, Vivin Andhika Yuwono...[etal]; editor, Shekar Purwanti, aEd.10 aYogyakarta:bAndi,c2006 axxii,745 hlm.:bilus.;c28 cm aindeks aOrganisasi, perilaku aVivin Andhika Yuwono aShekar Purwanti aYOPDYOG a2866/B.2013 a2867/B.2013 a2868/B.2013